Digital communications/ (Record no. 9342)

MARC details
000 -LEADER
fixed length control field 00547nam a22002057a 4500
003 - CONTROL NUMBER IDENTIFIER
control field OSt
005 - DATE AND TIME OF LATEST TRANSACTION
control field 20240829101307.0
008 - FIXED-LENGTH DATA ELEMENTS--GENERAL INFORMATION
fixed length control field 240829b |||||||| |||| 00| 0 eng d
020 ## - INTERNATIONAL STANDARD BOOK NUMBER
International Standard Book Number 0130893994
040 ## - CATALOGING SOURCE
Transcribing agency MUST
082 ## - DEWEY DECIMAL CLASSIFICATION NUMBER
Edition number 22
Classification number 384 GLO 1998
100 ## - MAIN ENTRY--PERSONAL NAME
Personal name Glover, Ian A
9 (RLIN) 19087
245 ## - TITLE STATEMENT
Title Digital communications/
Statement of responsibility, etc. Ian A Glover
250 ## - EDITION STATEMENT
Edition statement 2nd ed.
260 ## - PUBLICATION, DISTRIBUTION, ETC. (IMPRINT)
Place of publication, distribution, etc. London:
Name of publisher, distributor, etc. Pearson,
Date of publication, distribution, etc. 2004
300 ## - PHYSICAL DESCRIPTION
Extent xlv, 1000p.
Other physical details ill.
Dimensions 23cm
504 ## - BIBLIOGRAPHY, ETC. NOTE
Bibliography, etc Bibliographies and Indexes included
650 ## - SUBJECT ADDED ENTRY--TOPICAL TERM
Source of heading or term Digital communication
942 ## - ADDED ENTRY ELEMENTS (KOHA)
Source of classification or shelving scheme Dewey Decimal Classification
Koha item type Open Shelf
Holdings
Withdrawn status Lost status Source of classification or shelving scheme Damaged status Not for loan Home library Current library Date acquired Source of acquisition Inventory number Total Checkouts Full call number Barcode Date last seen Price effective from Koha item type
    Dewey Decimal Classification     MUST Main Library MUST Main Library 29/08/2024 Donation 10/32389   384 GLO 2004 2024-22294 29/08/2024 29/08/2024 Open Shelf